000 01262nam a2200229Ia 4500
003 Ost
005 20260507075021.0
008 260507s9999||||xx |||||||||||||| ||und||
040 _cfsecg
041 _aara
082 _a310
100 _aأبو صالح، محمد صبحي
_eمؤلف
245 0 _aالطرق الإحصائية /
_c محمد صبحي أبو صالح
260 _aعمان:
_bدار اليازوري العلمية للنشر والتوزيع,
_c2000
300 _a315 صفحة؛
_bإيضاحات ؛
_c24 سم
520 _aطبيعة الإحصاء- عرض البيانات الإحصائية ووصفها - مقاييس النزعة المركزية والتشتت- الإحتمال- المتغيرات العشوائية والتوزيعات الإحتمالية -التوزيعات الإحتمالية المتصلة- العينات- الإرتباط والإنحدار- السلاسل الزمنية- الأرقام القياسية- الإحصاءات الحيوية
653 _aالإحتمالات
653 _aالإحصاء - المعاملات الإرتباطية
653 _aالطرق الاحصائية
700 _aدرويش، أحمد عبد الله وآخرون
_eمؤلف ثانوي
942 _cكتاب
999 _c42277
_d42277